[Event "Barcelona Paredes Memorial 19th"]
[Site "Barcelona"]
[Date "2017.05.06"]
[Round "3"]
[White "Garcia Ramos, Daniel"]
[Black "Jimenez Ortiz, Gonzalo"]
[Result "1-0"]
[WhiteElo "2208"]
[BlackElo "1924"]
[PlyCount "53"]
[EventDate "2017.04.22"]
[EventType "swiss"]
[EventRounds "9"]
[EventCountry "ESP"]
[SourceTitle "EXT 2018"]
[Source "ChessBase"]
[SourceDate "2017.10.13"]
[SourceVersion "1"]
[SourceVersionDate "2017.10.13"]
[SourceQuality "1"]

1. e4 c5 2. Nf3 d6 3. d4 cxd4 4. Nxd4 Nf6 5. f3 e5 6. Nb3 Be6 7. c4 Nbd7 8. Nc3 a6 9. Be3 Rc8 10. Nd5 Bxd5 11. cxd5 Be7 12. Be2 0-0 13. 0-0 h6 14. Qd2 Nh7 15. g3 g5 16. Rac1 Rxc1 17. Rxc1 Qb8 18. Qc3 Bd8 19. Qb4 Re8 20. Bf1 Nhf8 21. Rc3 Kg7 22. Nd2 b5 23. Rc6 Bb6 24. Bxb6 Nxb6 25. Qxd6 Qxd6 26. Rxd6 Nfd7 27. Bh3 1-0

[Event "Foment Martinenc op-A 18th"]
[Site "Barcelona"]
[Date "2016.06.04"]
[Round "7"]
[White "Cespedes Llaverias, Llibert"]
[Black "Jimenez Ortiz, Gonzalo"]
[Result "1/2-1/2"]
[WhiteElo "1774"]
[BlackElo "1951"]
[PlyCount "113"]
[EventDate "2016.04.23"]
[EventType "swiss"]
[EventRounds "9"]
[EventCountry "ESP"]
[SourceTitle "EXT 2017"]
[Source "ChessBase"]
[SourceDate "2016.10.25"]
[SourceVersion "1"]
[SourceVersionDate "2016.10.25"]
[SourceQuality "1"]

1. e4 c5 2. Nf3 d6 3. Bb5+ Nd7 4. d4 Ngf6 5. Nc3 cxd4 6. Qxd4 e5 7. Qd3 h6 8. Nd2 a6 9. Bxd7+ Bxd7 10. Nc4 Be6 11. Ne3 Be7 12. 0-0 0-0 13. Ncd5 Nxd5 14. Nxd5 f5 15. exf5 Bxf5 16. Qb3 Kh8 17. Qxb7 Bg5 18. Qc7 Qxc7 19. Nxc7 Ra7 20. Nd5 Be4 21. Nc3 Bxc2 22. Bxg5 hxg5 23. Rac1 Bg6 24. Rfd1 Rf6 25. Nd5 Rff7 26. Nb6 Rf6 27. Rc8+ Kh7 28. Rd8 Raf7 29. Rd2 e4 30. Nd5 Re6 31. Ne3 Rc7 32. R2xd6 Rxd6 33. Rxd6 Rb7 34. b3 a5 35. Rd4 Rc7 36. Kf1 Bh5 37. g4 Be8 38. Ke2 Bb5+ 39. Kd2 Rf7 40. Nf5 g6 41. Rd5 Bd3 42. Ne3 Rxf2+ 43. Kc3 Rxa2 44. Rxg5 a4 45. bxa4 Rxa4 46. h4 Ra1 47. h5 gxh5 48. gxh5 Ra7 49. Rd5 Be2 50. Kd2 Bf3 51. Rc5 Ra2+ 52. Rc2 Ra5 53. Nc4 Rxh5 54. Rc3 Rf5 55. Ke3 Rf6 56. Nd2 Re6 57. Nxf3 1/2-1/2

[Event "Foment Martinenc op-A 18th"]
[Site "Barcelona"]
[Date "2016.04.30"]
[Round "2"]
[White "Romero Gamez, Francisco Javier"]
[Black "Jimenez Ortiz, Gonzalo"]
[Result "0-1"]
[WhiteElo "1669"]
[BlackElo "1951"]
[PlyCount "60"]
[EventDate "2016.04.23"]
[EventType "swiss"]
[EventRounds "9"]
[EventCountry "ESP"]
[SourceTitle "EXT 2017"]
[Source "ChessBase"]
[SourceDate "2016.10.25"]
[SourceVersion "1"]
[SourceVersionDate "2016.10.25"]
[SourceQuality "1"]

1. e4 c5 2. Nf3 d6 3. d4 cxd4 4. Nxd4 Nf6 5. Nc3 a6 6. Bg5 e6 7. f4 h6 8. Bh4 Qb6 9. Bxf6 gxf6 10. Nb3 Qe3+ 11. Qe2 Qxf4 12. g3 Qe5 13. 0-0-0 Bd7 14. Bg2 b5 15. Rhe1 b4 16. Nb1 Bb5 17. Qf2 Nc6 18. Nd4 Nxd4 19. Rxd4 a5 20. Red1 Rc8 21. Nd2 Qc5 22. Nb3 Qc7 23. R4d2 Be7 24. Nd4 Bc4 25. b3 Ba6 26. Bh3 a4 27. Qf3 axb3 28. Qxb3 Bc4 29. Qa4+ Kf8 30. Nb5 Qc6 0-1

[Event "Girona op 5th"]
[Site "Girona"]
[Date "2014.07.20"]
[Round "6"]
[White "Castrillon Otero, Javier"]
[Black "Jimenez Ortiz, Gonzalo"]
[Result "1-0"]
[WhiteElo "2140"]
[BlackElo "2111"]
[PlyCount "57"]
[EventDate "2014.07.15"]
[EventType "swiss"]
[EventRounds "9"]
[EventCountry "ESP"]
[SourceTitle "EXT 2016"]
[Source "ChessBase"]
[SourceDate "2015.10.08"]
[SourceVersion "1"]
[SourceVersionDate "2015.10.08"]
[SourceQuality "1"]

1. d4 d5 2. c4 c6 3. e3 Nf6 4. Nc3 e6 5. Nf3 Nbd7 6. Bd3 dxc4 7. Bxc4 b5 8. Bd3 Bb7 9. 0-0 Bd6 10. e4 e5 11. dxe5 Nxe5 12. Nxe5 Bxe5 13. h3 h6 14. Qe2 0-0 15. Kh1 a6 16. f4 Bd4 17. e5 Nd5 18. Qe4 f5 19. Qxd4 c5 20. Qxc5 Rc8 21. Qd4 Nxc3 22. bxc3 Qh4 23. Qe3 Rxc3 24. Bb2 Rxd3 25. Qxd3 Rd8 26. Qe3 Be4 27. Rad1 Rc8 28. Rd2 Rc6 29. Kh2 1-0

[Event "Girona op 5th"]
[Site "Girona"]
[Date "2014.07.18"]
[Round "4"]
[White "Ruiz de Morales Cespedes, Jaume"]
[Black "Jimenez Ortiz, Gonzalo"]
[Result "0-1"]
[WhiteElo "1903"]
[BlackElo "2111"]
[PlyCount "116"]
[EventDate "2014.07.15"]
[EventType "swiss"]
[EventRounds "9"]
[EventCountry "ESP"]
[SourceTitle "EXT 2016"]
[Source "ChessBase"]
[SourceDate "2015.10.08"]
[SourceVersion "1"]
[SourceVersionDate "2015.10.08"]
[SourceQuality "1"]

1. e4 c5 2. d3 Nc6 3. g3 g6 4. Bg2 Bg7 5. f4 d6 6. c3 e6 7. Nf3 Nge7 8. 0-0 0-0 9. Be3 b6 10. a4 Ba6 11. Na3 Rc8 12. Rf2 Qd7 13. d4 cxd4 14. cxd4 d5 15. e5 Nf5 16. Qe1 Na5 17. b4 Nb3 18. Raa2 Nxe3 19. Qxe3 Nc1 20. Rac2 Nd3 21. Rxc8 Rxc8 22. Bf1 Nxb4 23. Bxa6 Nxa6 24. Qb3 Bf8 25. Qb5 Nb8 26. Rc2 Rxc2 27. Nxc2 Qc7 28. Nfe1 a6 29. Qb3 a5 30. Qb5 Qb7 31. Nd3 Na6 32. Qb2 Qc8 33. Kg2 Qc4 34. Nde1 Qe2+ 35. Kh3 Nb4 36. Qc3 Qf1+ 37. Ng2 Qc4 38. Qxc4 dxc4 39. Nge3 Nxc2 40. Nxc2 Bb4 41. Kg4 h6 42. Kf3 Kf8 43. Ke4 Ke7 44. d5 exd5+ 45. Kxd5 c3 46. g4 f5 47. h3 fxg4 48. hxg4 h5 49. gxh5 gxh5 50. f5 h4 51. Ke4 Kd7 52. e6+ Ke7 53. Kf3 Kf6 54. Ne3 Bc5 55. Nd5+ Ke5 56. f6 Kxe6 57. Nxc3 Kxf6 58. Kg4 Ke5 0-1

[Event "Girona op-A 4th"]
[Site "Girona"]
[Date "2013.07.19"]
[Round "5"]
[White "Tarrus Galter, Narcis"]
[Black "Jimenez Ortiz, Gonzalo"]
[Result "0-1"]
[WhiteElo "1976"]
[BlackElo "1929"]
[PlyCount "80"]
[EventDate "2013.07.15"]
[EventType "swiss"]
[EventRounds "9"]
[EventCountry "ESP"]
[SourceTitle "CBM 155 Extra"]
[Source "ChessBase"]
[SourceDate "2013.08.26"]
[SourceVersion "1"]
[SourceVersionDate "2013.08.26"]
[SourceQuality "1"]

1. d4 d5 2. Nf3 c6 3. c4 e6 4. g3 Nf6 5. Bg2 Nbd7 6. 0-0 Bd6 7. Nfd2 0-0 8. Nc3 Be7 9. e4 dxe4 10. Ndxe4 Nxe4 11. Bxe4 e5 12. dxe5 Nxe5 13. Qe2 Ng6 14. Rd1 Qc7 15. Bxg6 hxg6 16. Bf4 Qb6 17. Qxe7 Qxb2 18. Be5 Be6 19. Rab1 Qc2 20. Rdc1 Qf5 21. Re1 Rfe8 22. Qxb7 Bxc4 23. Qxc6 Rac8 24. Qe4 Qxe4 25. Rxe4 Bd3 26. Ree1 Bxb1 27. Nxb1 f6 28. f4 fxe5 29. fxe5 Re6 30. Nd2 Rc2 31. Nf3 Rxa2 32. Ng5 Re8 33. e6 Ra5 34. h4 Ra2 35. Rd1 a5 36. Rd7 a4 37. Kf1 a3 38. e7 Rb2 39. Rd8 Rb8 40. Ne6 Rbxd8 0-1

[Event "Girona op-A 4th"]
[Site "Girona"]
[Date "2013.07.17"]
[Round "3"]
[White "Gultresa Boada, Isaac"]
[Black "Jimenez Ortiz, Gonzalo"]
[Result "1/2-1/2"]
[WhiteElo "1753"]
[BlackElo "1929"]
[PlyCount "121"]
[EventDate "2013.07.15"]
[EventType "swiss"]
[EventRounds "9"]
[EventCountry "ESP"]
[SourceTitle "CBM 155 Extra"]
[Source "ChessBase"]
[SourceDate "2013.08.26"]
[SourceVersion "1"]
[SourceVersionDate "2013.08.26"]
[SourceQuality "1"]

1. e4 c5 2. Nf3 d6 3. d4 cxd4 4. Nxd4 Nf6 5. Nc3 a6 6. Be3 e5 7. Nb3 Be6 8. f3 Be7 9. Qd2 0-0 10. 0-0-0 Nbd7 11. g4 Qc7 12. h4 Rfc8 13. Kb1 b5 14. h5 b4 15. Nd5 Bxd5 16. exd5 Nb6 17. Bxb6 Qxb6 18. g5 Nd7 19. Bh3 Rc7 20. Bf5 Nf8 21. f4 f6 22. h6 g6 23. gxf6 Bxf6 24. Bd3 exf4 25. Qxf4 Be5 26. Qg4 a5 27. Qg1 Qxg1 28. Rhxg1 Rf7 29. Bb5 Nd7 30. Nd4 Bxd4 31. Rxd4 Ne5 32. Rgd1 Rf3 33. Be2 Rf2 34. Bb5 Raf8 35. R4d2 R2f3 36. Rh2 R8f6 37. b3 Kf8 38. Kb2 Ke7 39. a3 R3f4 40. axb4 axb4 41. Ra1 g5 42. Ra7+ Kf8 43. Rxh7 Rh4 44. Rh8+ Kf7 45. Be8+ Ke7 46. Rxh4 gxh4 47. h7 Rh6 48. Bb5 Kf7 49. Ra8 Rxh7 50. Ra7+ Kg6 51. Rxh7 Kxh7 52. Bf1 Ng4 53. c3 bxc3+ 54. Kxc3 Ne3 55. Bh3 Nxd5+ 56. Kd4 Nc7 57. b4 Kg6 58. Ke4 Kf6 59. Kf4 Nd5+ 60. Kg4 Nxb4 61. Kxh4 1/2-1/2

[Event "Foment Martinenc op-A 15th"]
[Site "Barcelona"]
[Date "2013.05.11"]
[Round "4"]
[White "Laliena Solanes, Luis M"]
[Black "Jimenez Ortiz, Gonzalo"]
[Result "1-0"]
[WhiteElo "2160"]
[BlackElo "1896"]
[PlyCount "95"]
[EventDate "2013.04.20"]
[EventType "swiss"]
[EventRounds "9"]
[EventCountry "ESP"]
[SourceTitle "CBM 154 Extra"]
[Source "ChessBase"]
[SourceDate "2013.06.25"]
[SourceVersion "2"]
[SourceVersionDate "2013.06.25"]
[SourceQuality "1"]

1. d4 d5 2. Nf3 c6 3. c4 e6 4. g3 Nf6 5. Bg2 Nbd7 6. 0-0 Bd6 7. Nfd2 0-0 8. Nc3 Re8 9. e4 dxe4 10. Ndxe4 Be7 11. Bf4 Nxe4 12. Nxe4 Nf6 13. Nc3 Bd6 14. Be5 Bxe5 15. dxe5 Nd7 16. Qe2 Qc7 17. f4 f5 18. Rfd1 a6 19. Rd6 c5 20. Rad1 Rb8 21. Qd3 Nf8 22. b3 Re7 23. Rd8 Rd7 24. Rxd7 Bxd7 25. a4 Bc6 26. Qd6 Qxd6 27. Rxd6 Bxg2 28. Kxg2 Kf7 29. a5 Ke7 30. Na4 Nd7 31. Kf3 h5 32. Nb6 Rd8 33. Ke3 Nxb6 34. Rxb6 Rd7 35. b4 cxb4 36. Rxb4 Kf7 37. Rb6 Ke7 38. c5 Rc7 39. Kd4 Kd7 40. c6+ Rxc6 41. Rxb7+ Kc8 42. Rxg7 Rc2 43. h4 Ra2 44. Kc5 Rxa5+ 45. Kd6 Kb8 46. Kxe6 Ra3 47. Kxf5 a5 48. e6 1-0

[Event "Foment Martinenc op-A 15th"]
[Site "Barcelona"]
[Date "2013.05.04"]
[Round "3"]
[White "Montoro Balasch, Bernat"]
[Black "Jimenez Ortiz, Gonzalo"]
[Result "0-1"]
[WhiteElo "1835"]
[BlackElo "1896"]
[PlyCount "66"]
[EventDate "2013.04.20"]
[EventType "swiss"]
[EventRounds "9"]
[EventCountry "ESP"]
[SourceTitle "CBM 154 Extra"]
[Source "ChessBase"]
[SourceDate "2013.06.25"]
[SourceVersion "2"]
[SourceVersionDate "2013.06.25"]
[SourceQuality "1"]

1. e4 c5 2. Nc3 d6 3. f4 Nc6 4. Nf3 g6 5. Bc4 Bg7 6. 0-0 e6 7. d3 Nge7 8. Qe1 0-0 9. a3 Nd4 10. Nxd4 cxd4 11. Ne2 d5 12. Bb3 dxe4 13. dxe4 d3 14. Nc3 Bd4+ 15. Kh1 dxc2 16. Bxc2 a6 17. Be3 Bxe3 18. Qxe3 Qc7 19. Rac1 b5 20. e5 Qa7 21. Qf3 Rb8 22. Ne4 Nf5 23. Nf6+ Kg7 24. Bxf5 exf5 25. Rfd1 Be6 26. Rd6 Rbc8 27. Rcd1 Qa8 28. Qh3 h6 29. R6d3 Rfd8 30. Qe3 Rc2 31. Nh5+ gxh5 32. Qg3+ Kh7 33. Rxd8 Qxd8 0-1

[Event "Foment Martinenc op-A 15th"]
[Site "Barcelona"]
[Date "2013.04.20"]
[Round "1"]
[White "Vigo Allepuz, David"]
[Black "Jimenez Ortiz, Gonzalo"]
[Result "1-0"]
[WhiteElo "2080"]
[BlackElo "1896"]
[PlyCount "75"]
[EventDate "2013.04.20"]
[EventType "swiss"]
[EventRounds "9"]
[EventCountry "ESP"]
[SourceTitle "CBM 154 Extra"]
[Source "ChessBase"]
[SourceDate "2013.06.25"]
[SourceVersion "2"]
[SourceVersionDate "2013.06.25"]
[SourceQuality "1"]

1. d4 d5 2. Bg5 Nf6 3. Bxf6 exf6 4. e3 Be6 5. Nf3 Nd7 6. Nbd2 Nb6 7. Bd3 Qd7 8. a3 Be7 9. b3 0-0 10. 0-0 Rfe8 11. c4 dxc4 12. bxc4 c6 13. Qc2 g6 14. Rfb1 Qc7 15. a4 Rad8 16. a5 Na8 17. Qb3 Bc8 18. c5 Qd7 19. Bc4 Bf8 20. h3 Nc7 21. Ra3 Kg7 22. Qc2 Qe7 23. Bd3 Qd7 24. Rab3 Be7 25. Nc4 Bf8 26. Nfd2 Nb5 27. Ne4 f5 28. Nc3 Nc7 29. Ne2 f6 30. Nf4 Be7 31. Nd2 Bf8 32. Nf3 a6 33. Bc4 Qe7 34. Qa2 Qe4 35. Rxb7 Bxb7 36. Rxb7 Kh8 37. Rxc7 Rb8 38. Bd3 1-0

[Event "Girona op-A 3rd"]
[Site "Girona"]
[Date "2012.07.24"]
[Round "9"]
[White "Jimenez Ortiz, Gonzalo"]
[Black "Tarrus Galter, Narcis"]
[Result "1-0"]
[WhiteElo "1883"]
[BlackElo "2018"]
[PlyCount "57"]
[EventDate "2012.07.16"]
[EventType "swiss"]
[EventRounds "9"]
[EventCountry "ESP"]
[SourceTitle "CBM 149 Extra"]
[Source "ChessBase"]
[SourceDate "2012.08.24"]
[SourceVersion "1"]
[SourceVersionDate "2012.08.24"]
[SourceQuality "1"]

1. e4 d5 2. exd5 Nf6 3. d4 Nxd5 4. Nf3 g6 5. Be2 Bg7 6. c4 Nb6 7. h3 0-0 8. 0-0 Nc6 9. Be3 e5 10. d5 Ne7 11. Nc3 f5 12. Bc5 Nd7 13. Ba3 Nf6 14. Nxe5 Ne4 15. Nxe4 fxe4 16. Ng4 Rf7 17. Rb1 Nf5 18. b3 Qg5 19. Bc1 Qe7 20. Bb2 Bd7 21. Qd2 Re8 22. Ne3 Qg5 23. Bxg7 Nxg7 24. Bg4 Bxg4 25. hxg4 h5 26. Qe2 Rf4 27. d6 cxd6 28. gxh5 Nxh5 29. Nd5 1-0

[Event "Girona op-A 3rd"]
[Site "Girona"]
[Date "2012.07.20"]
[Round "5"]
[White "Gonzalez Vericat, Sergio"]
[Black "Jimenez Ortiz, Gonzalo"]
[Result "1-0"]
[WhiteElo "2213"]
[BlackElo "1883"]
[PlyCount "81"]
[EventDate "2012.07.16"]
[EventType "swiss"]
[EventRounds "9"]
[EventCountry "ESP"]
[SourceTitle "CBM 149 Extra"]
[Source "ChessBase"]
[SourceDate "2012.08.24"]
[SourceVersion "1"]
[SourceVersionDate "2012.08.24"]
[SourceQuality "1"]

1. d4 d5 2. c4 c6 3. Nf3 e6 4. g3 Nf6 5. Bg2 Nbd7 6. 0-0 Bd6 7. Nbd2 0-0 8. Qc2 Re8 9. b3 Qe7 10. Bb2 Ba3 11. Bc3 Bb4 12. Bxb4 Qxb4 13. c5 e5 14. a3 Qa5 15. dxe5 Nxe5 16. Nd4 Qc7 17. h3 Bd7 18. b4 a6 19. Kh2 Rad8 20. Rfd1 Bc8 21. e4 dxe4 22. Nxe4 Nxe4 23. Bxe4 Ng6 24. f4 Nf8 25. Nf3 Rxd1 26. Rxd1 Rd8 27. Ne5 Rxd1 28. Qxd1 f5 29. Bc2 Be6 30. Qd6 Qc8 31. Qe7 Ng6 32. Nxg6 hxg6 33. Qd6 Kf7 34. Bd3 Bd5 35. g4 Be6 36. Kg3 Qd7 37. Kh4 Qe7+ 38. Qxe7+ Kxe7 39. Kg5 fxg4 40. hxg4 Bd7 41. Bxg6 1-0

[Event "Montseny op 3rd"]
[Site "Montseny"]
[Date "2012.04.28"]
[Round "3"]
[White "Manosas Vila, Ester"]
[Black "Jimenez Ortiz, Gonzalo"]
[Result "1/2-1/2"]
[WhiteElo "1738"]
[BlackElo "1870"]
[PlyCount "54"]
[EventDate "2012.04.14"]
[EventType "swiss"]
[EventRounds "8"]
[EventCountry "ESP"]
[SourceTitle "CBM 148 Extra"]
[Source "ChessBase"]
[SourceDate "2012.06.22"]
[SourceVersion "1"]
[SourceVersionDate "2012.06.22"]
[SourceQuality "1"]

1. e4 c5 2. Nc3 d6 3. g3 Nc6 4. Bg2 g6 5. d3 Bg7 6. Be3 e6 7. Qd2 Nge7 8. Bh6 0-0 9. Bxg7 Kxg7 10. f4 f6 11. Nf3 Rb8 12. 0-0 b5 13. a3 a6 14. Rae1 Qc7 15. Qe3 e5 16. fxe5 Nxe5 17. Nxe5 dxe5 18. Rf2 Rb6 19. Ref1 Be6 20. h4 h6 21. Bf3 Rd6 22. Be2 h5 23. Rh2 Nc6 24. Qxc5 Qd7 25. Qe3 Nd4 26. Bd1 Bg4 27. Bxg4 Qxg4 1/2-1/2

[Event "Cerdanyola del Valles op-A 29th"]
[Site "Cerdanyola del Valles"]
[Date "2011.11.05"]
[Round "5"]
[White "Garcia Playa, David"]
[Black "Jimenez Ortiz, Gonzalo"]
[Result "0-1"]
[WhiteElo "1821"]
[BlackElo "1883"]
[PlyCount "102"]
[EventDate "2011.10.01"]
[EventType "swiss"]
[EventRounds "8"]
[EventCountry "ESP"]
[SourceTitle "EXT 2013"]
[Source "ChessBase"]
[SourceDate "2012.11.22"]
[SourceVersion "1"]
[SourceVersionDate "2012.11.22"]
[SourceQuality "1"]

1. e4 c5 2. Nf3 d6 3. d4 cxd4 4. Nxd4 Nf6 5. Nc3 a6 6. Bg5 e6 7. f4 h6 8. Bh4 Qb6 9. Qd2 Qxb2 10. Nb3 Be7 11. Bxf6 Bxf6 12. Na4 Qa3 13. Nb6 Bxa1 14. Nxa8 Bf6 15. Nb6 0-0 16. Bd3 Qb2 17. 0-0 Bd4+ 18. Nxd4 Qxd4+ 19. Qf2 Qxf2+ 20. Rxf2 Rd8 21. f5 Nd7 22. Nc4 Nc5 23. f6 g6 24. Nd2 Bd7 25. h4 Bc6 26. Rf3 b5 27. h5 g5 28. Re3 Bb7 29. Nf3 d5 30. e5 d4 31. Re2 Bxf3 32. gxf3 Rc8 33. Be4 Nxe4 34. Rxe4 Rc4 35. Re2 Kf8 36. Rd2 Ke8 37. Kf2 Kd7 38. c3 Kc6 39. cxd4 Kd5 40. Ke3 Rc3+ 41. Ke2 b4 42. Rb2 a5 43. Rd2 a4 44. Rb2 Rc4 45. Ke3 Rxd4 46. Rc2 Rc4 47. Rd2+ Kxe5 48. Rd8 Rc3+ 49. Kd2 Rxf3 50. Rb8 Rf4 51. Rh8 Kxf6 0-1

[Event "Girona op 2nd"]
[Site "Girona"]
[Date "2011.07.19"]
[Round "6"]
[White "Gimenez Aguirre, Ismael Alejo"]
[Black "Jimenez Ortiz, Gonzalo"]
[Result "0-1"]
[WhiteElo "1712"]
[BlackElo "1899"]
[PlyCount "118"]
[EventDate "2011.07.14"]
[EventType "swiss"]
[EventRounds "9"]
[EventCountry "ESP"]
[SourceTitle "CBM 143 Extra"]
[Source "ChessBase"]
[SourceDate "2011.08.29"]
[SourceVersion "1"]
[SourceVersionDate "2011.08.29"]
[SourceQuality "1"]

1. e4 c5 2. Nf3 d6 3. d4 cxd4 4. Nxd4 Nf6 5. Nc3 a6 6. Be3 e5 7. Nde2 Be7 8. g3 Nbd7 9. Bg2 b5 10. 0-0 Bb7 11. h3 0-0 12. f4 Re8 13. f5 Nc5 14. Bxc5 dxc5 15. g4 h6 16. Qxd8 Raxd8 17. Rad1 c4 18. Nd5 Bc5+ 19. Kh1 Nxd5 20. exd5 Rd7 21. f6 g6 22. Nc3 Bd4 23. Ne4 Red8 24. c3 Ba7 25. d6 Bb8 26. Kh2 Bxe4 27. Bxe4 Rxd6 28. Bc2 Rd2+ 29. Kh1 Bc7 30. Rxd2 Rxd2 31. Be4 Rd6 32. Kg2 Bd8 33. Bc2 Bxf6 34. Rd1 Rb6 35. a3 Bg5 36. Kf3 Bf4 37. Ke4 Kg7 38. b3 Kf6 39. h4 Bg3 40. Rf1+ Ke6 41. g5 hxg5 42. hxg5 Bf4 43. Rg1 Rd6 44. bxc4 bxc4 45. Rg2 Rd2 46. Rxd2 Bxd2 47. Bd1 Bxg5 48. Be2 f5+ 49. Kf3 Kd5 50. Bd1 Bd2 51. Ba4 e4+ 52. Ke2 Bxc3 53. Be8 g5 54. Bg6 f4 55. Bf7+ Kd4 56. a4 a5 57. Be6 Bb4 58. Kd1 f3 59. Bh3 e3 0-1

[Event "Girona op 2nd"]
[Site "Girona"]
[Date "2011.07.18"]
[Round "5"]
[White "Jimenez Ortiz, Gonzalo"]
[Black "Barrera Clot, Carlos"]
[Result "0-1"]
[WhiteElo "1899"]
[BlackElo "2108"]
[PlyCount "82"]
[EventDate "2011.07.14"]
[EventType "swiss"]
[EventRounds "9"]
[EventCountry "ESP"]
[SourceTitle "CBM 143 Extra"]
[Source "ChessBase"]
[SourceDate "2011.08.29"]
[SourceVersion "1"]
[SourceVersionDate "2011.08.29"]
[SourceQuality "1"]

1. e4 c5 2. Nf3 Nf6 3. e5 Nd5 4. Nc3 Nxc3 5. dxc3 e6 6. Bf4 Be7 7. Qd2 Qa5 8. h4 Nc6 9. h5 Qc7 10. 0-0-0 b6 11. Rh3 h6 12. Rg3 Bf8 13. Rh3 Bb7 14. g4 0-0-0 15. Kb1 Be7 16. Be2 Rdf8 17. Qe3 Na5 18. Nd2 Bg2 19. Rh2 Bc6 20. Ne4 Nb7 21. Ba6 Kb8 22. Nd6 Bxd6 23. exd6 Qd8 24. Be2 f6 25. Bf3 e5 26. Bg3 Qc8 27. Be4 Nd8 28. f3 Qb7 29. Re2 Bxe4 30. Qxe4 Qxe4 31. Rxe4 Re8 32. c4 Re6 33. f4 exf4 34. Rxf4 Rhe8 35. Rff1 Re4 36. Rfe1 Rxe1 37. Rxe1 Rxe1+ 38. Bxe1 Nf7 39. Kc1 Ne5 40. b3 Kb7 41. Kd2 Nf3+ 0-1

[Event "Girona op 2nd"]
[Site "Girona"]
[Date "2011.07.16"]
[Round "3"]
[White "Jimenez Ortiz, Gonzalo"]
[Black "Diaz Munoz, Sergi"]
[Result "0-1"]
[WhiteElo "1899"]
[BlackElo "2061"]
[PlyCount "92"]
[EventDate "2011.07.14"]
[EventType "swiss"]
[EventRounds "9"]
[EventCountry "ESP"]
[SourceTitle "CBM 143 Extra"]
[Source "ChessBase"]
[SourceDate "2011.08.29"]
[SourceVersion "1"]
[SourceVersionDate "2011.08.29"]
[SourceQuality "1"]

1. e4 c5 2. Nf3 g6 3. d4 cxd4 4. Nxd4 Nc6 5. Be3 Nf6 6. Nc3 Bg7 7. Bc4 0-0 8. Bb3 d6 9. f3 a6 10. Qd2 Bd7 11. h4 Ne5 12. h5 gxh5 13. Bh6 Bxh6 14. Qxh6 e6 15. 0-0-0 Kh8 16. g4 Rg8 17. gxh5 Qe7 18. Rdg1 b5 19. a3 Rxg1+ 20. Rxg1 Rg8 21. Rxg8+ Nxg8 22. Qf4 Qf6 23. Nce2 Qxf4+ 24. Nxf4 Nf6 25. Nd3 Nxd3+ 26. cxd3 Nxh5 27. Ne2 Kg7 28. Kd2 Kg6 29. f4 Nf6 30. Ng3 h5 31. Ke3 h4 32. Nf1 e5 33. f5+ Kg5 34. Bxf7 Kg4 35. Nh2+ Kg3 36. Nf3 h3 37. Bg6 Ne8 38. Bh5 Nf6 39. Bg6 h2 40. Nxh2 Kxh2 41. d4 Kg3 42. dxe5 dxe5 43. Bf7 Bc6 44. Bd5 Ng4+ 45. Kd3 Bxd5 46. exd5 Kf4 0-1